Gaming Quiz

Random Gaming or Clickable Quiz

Subquests: Videogames Quiz Stats

 Plays Quiz not verified by Sporcle

Challenge
Share
Tweet
Score 0/17 Timer 10:00
0 Plays Today
% Correct
Zelda: Majora's Mask
93.1%
Super Mario 64
89.7%
Chrono Trigger
89.7%
Super Metroid
86.2%
Zelda: Ocarina of Time
75.9%
Star Fox
75.9%
Yoshi's Island
72.4%
Final Fantasy VII
62.1%
Final Fantasy
58.6%
% Correct
Castlevania II: Simon's Quest
48.3%
Vagrant Story
41.4%
Star Tropics 2
31%
Might and Magic
31%
Illusion of Gaia
24.1%
Alundra 2
17.2%
Crystalis
13.8%
Ys Book 1 and 2
10.3%

You're not logged in!

Compare scores with friends on all Sporcle quizzes.
OR
Log In

You Might Also Like...

Show Comments

Extras

Created Apr 24, 2015ReportNominate
Tags:Clickable Quiz

Top Quizzes Today


Score Distribution

Your Account Isn't Verified!

In order to create a playlist on Sporcle, you need to verify the email address you used during registration. Go to your Sporcle Settings to finish the process.

Report this User

Report this user for behavior that violates our Community Guidelines.

Details: